000 00490nam a2200157Ia 4500
003 GCL
008 140319s9999 xx 000 0 ara d
040 _aGCL /
_cGCL
082 0 4 _aق
_b962.062
_bم م
245 1 0 _aمصير مصر : كتاب تمت مصادرته سنة 1955
300 _a158 ص
490 _aالهيئة العامة للاستعلامات
_v0
650 0 4 _aمحمد نجيب
650 0 4 _aمصر - تاريخ - العصر الحديث (1805 - 1956 )
942 _2ddc
_cBK
999 _c48838
_d48838